000 00627nam a2200241Ia 4500
003 OSt
005 20221006142703.0
006 a|||||r|||| 00| 0
007 ta
008 221006b |||||||| |||| 00| 0 eng d
020 _cP6.75
024 _a6,942
037 _cTextual
040 _aEASL
_cEASL
_beng
041 _2eng
_aeng
082 _aP42:2, K9
100 _aMILLER Roy Andrew Ed.
_9648179
245 0 _aBernard bloch on Japanese
260 _aNew Havan
_b Yale University
_c1970
300 _a190p.
_ccm.
942 _hP42:2, K9
_cTEXL
_2CC
999 _c1075028
_d1075028